[Event "ITA Universities-chT 3rd"]
[Site "Asiago"]
[Date "1995.09.07"]
[Round "3.2"]
[White "Briganti, Andrea"]
[Black "Stavru, Alessandro"]
[Result "0-1"]
[WhiteElo "1800"]
[BlackElo "2250"]
[PlyCount "60"]
[EventDate "1995.09.06"]
[EventType "team-swiss"]
[EventRounds "5"]
[EventCountry "ITA"]
[SourceTitle "EXT 2023"]
[Source "ChessBase"]
[SourceDate "2022.10.05"]
[SourceVersion "1"]
[SourceVersionDate "2022.10.05"]
[SourceQuality "1"]
[WhiteTeam "Parma"]
[BlackTeam "Roma Sapienza"]
[WhiteTeamCountry "ITA"]
[BlackTeamCountry "ITA"]

1. e4 c5 2. Nf3 d6 3. Bb5+ Bd7 4. Bxd7+ Nxd7 5. 0-0 Ngf6 6. d3 g6 7. c4 Bg7 8. Nc3 0-0 9. Bg5 h6 10. Bd2 a6 11. Nh4 e6 12. Qe2 Rc8 13. a4 d5 14. cxd5 exd5 15. exd5 Re8 16. Qd1 Nxd5 17. Nxd5 Qxh4 18. Bc3 Ne5 19. a5 Rcd8 20. Ra4 Qg5 21. f4 Nf3+ 22. Qxf3 Qxd5 23. Bxg7 Kxg7 24. f5 Qxd3 25. f6+ Kg8 26. Qxb7 Qe3+ 27. Kh1 Rd1 28. Qxa6 Qf2 29. Rf4 Rxf1+ 30. Qxf1 Qxf4 0-1